000 00547nam a2200181Ia 4500
003 GCL
008 140319s9999 xx 000 0 eng d
040 _aGCL /
_cGCL
082 0 4 _aCC
_b901.9
_bI M
100 1 _aI,MAJESTE FOROUK
245 1 0 _aA LA MEMOIRE DE FEU SA HAUTESSE LE SUITAN D'EGYPTE /
_cI,MAJESTE FOROUK
260 _a[S.N] :
_bIMPRIMERIE DE L'INSTITUT FRANCAIS ،
_c1922
300 _a61 PP
490 _aMEMOIRES PRESENTES AL'INSTITUT D'EGYPTE
_v0
650 0 4 _aEGYPT - BIOGRAPHIES
650 0 4 _aEGYPT - HISTORY
942 _2ddc
_cBK
999 _c19235
_d19235